O medovníkovej chalúpke

Bibliographic Details
Other Authors: Bláha, R. (Illustrator), Čarek, Jan, 1898-1966 (Narrator)
Format: Book
Language:Slovak
Czech
PhysicalDescription:[16] s. 8° 310: 11250 výtl.
Published: Bratislava Mladé letá 1960
Subjects:

MARC

LEADER 00000nam a2200000 a 4500
001 vtls008348289
003 SK-MaSNL
005 20260331204915.0
008 230403s1960 xo slo
015 |a SNBA1960/08-01263 
035 |a SK01SNK19600040506 
035 |a urn:nbn:sk:snk-amlmdq 
035 |a urn:nbn:sk:snk-am00bxqg 
035 |a 63B8CEEE-24BB-47BC-868A-6B7DDC8241A1 
035 |a SKM000042969 
040 |a SNK  |b slo  |c SNK  |e AACR2 
041 1 |a slo  |h cze 
044 |a xo  |c SK 
080 |a 087.5(084.11)  |2 1981 
100 1 |a Bláha, R.  |4 ill  |9 589997 
245 1 0 |a O medovníkovej chalúpke  |c nakreslil R. Bláha ; rozpráva Ján Čarek ; [z čes. orig.] prel. H. Haštová 
260 |a Bratislava  |b Mladé letá  |c 1960  |e Martin  |f Tlačiarne SNP 
300 |a [16] s.  |c 8° 310:  |a 11250 výtl. 
650 0 7 |a maľovanky  |2 SNK  |9 60443 
650 0 7 |a rozprávky slovenské  |2 SNK  |9 309410 
655 7 |a umelecká literatúra  |2 SNKPH  |9 60405 
700 1 |a Čarek, Jan,  |d 1898-1966  |4 nrt  |9 306157 
852 |a Slovenská národná knižnica 
954 |a beletria cudzojazyčná (svetová)  |2 lita 
958 |a OND 
958 |a TL 
958 |a DB 
958 |a RK 
958 |a BQ 
958 |a CZ 
958 |a UP 
958 |a EUIPO 
999 |c 907697  |d 909627 
952 |a SNK  |b SNK  |y PREZ  |7 0  |p 17A0662026  |o snkSD 18668  |i snkKSP 2248/60  |0 0  |1 0  |4 0  |d 2010-06-04  |f 1  |l 0  |r 2025-12-02 00:00:00  |w 2026-02-24